<?xml version="1.0" encoding="UTF-8"?>
<record
    xmlns:xsi="http://www.w3.org/2001/XMLSchema-instance"
    xsi:schemaLocation="http://www.loc.gov/MARC21/slim http://www.loc.gov/standards/marcxml/schema/MARC21slim.xsd"
    xmlns="http://www.loc.gov/MARC21/slim">

  <leader>00857nam0a2200229   4500</leader>
  <controlfield tag="001">RU\NLR\BIBL_A\012101455</controlfield>
  <controlfield tag="005">20250623210131.0</controlfield>
  <datafield tag="035" ind1=" " ind2=" ">
    <subfield code="a">(NLR Aleph) 012101455</subfield>
  </datafield>
  <datafield tag="090" ind1=" " ind2=" ">
    <subfield code="a">13297020</subfield>
    <subfield code="c">13297020</subfield>
  </datafield>
  <datafield tag="100" ind1=" " ind2=" ">
    <subfield code="a">20190925d1920    |||y0rusy50      ca</subfield>
  </datafield>
  <datafield tag="101" ind1="0" ind2=" ">
    <subfield code="a">chv</subfield>
  </datafield>
  <datafield tag="102" ind1=" " ind2=" ">
    <subfield code="a">RU</subfield>
  </datafield>
  <datafield tag="105" ind1=" " ind2=" ">
    <subfield code="a">y   z   000 y</subfield>
  </datafield>
  <datafield tag="200" ind1="1" ind2=" ">
    <subfield code="a">&#x41D;&#x430;&#x443;&#x43A;&#x43A;&#x103;&#x43F;&#x430; &#x43A;&#x43E;&#x43E;&#x43F;&#x435;&#x440;&#x430;&#x442;&#x441;&#x438; &#x439;&#x430;&#x43B; &#x43F;&#x443;&#x440;&#x103;&#x43D;&#x103;&#xE7;&#x43D;&#x435; &#x442;&#x45E;&#x440;&#x43B;&#x435;&#x442;&#x435;&#xE7;&#xE7;&#x11B;</subfield>
    <subfield code="d">&#x41D;&#x430;&#x443;&#x43A;&#x430; &#x438; &#x43A;&#x43E;&#x43E;&#x43F;&#x435;&#x440;&#x430;&#x446;&#x438;&#x44F; &#x43A;&#x430;&#x43A; &#x443;&#x441;&#x442;&#x440;&#x43E;&#x438;&#x442;&#x435;&#x43B;&#x44C;&#x43D;&#x438;&#x446;&#x44B; &#x441;&#x435;&#x43B;&#x44C;&#x441;&#x43A;&#x43E;&#x439; &#x436;&#x438;&#x437;&#x43D;&#x438;</subfield>
    <subfield code="f">&#x410;. &#x410;. &#x41D;&#x438;&#x43A;&#x43E;&#x43B;&#x430;&#x435;&#x432;</subfield>
  </datafield>
  <datafield tag="210" ind1=" " ind2=" ">
    <subfield code="a">&#x425;&#x443;&#x441;&#x430;&#x43D;</subfield>
    <subfield code="c">&#x418;&#x437;&#x434;-&#x432;&#x43E; &#x426;&#x435;&#x43D;&#x442;&#x440;. &#x427;&#x443;&#x432;&#x430;&#x448;. &#x43E;&#x442;&#x434;&#x435;&#x43B;&#x430; &#x43F;&#x440;&#x438; &#x41D;&#x430;&#x440;.&#x41A;&#x43E;&#x43C;&#x438;&#x441;&#x441;&#x430;&#x440;&#x438;&#x430;&#x442;&#x435; &#x43F;&#x43E; &#x43D;&#x430;&#x446;. &#x434;&#x435;&#x43B;&#x430;&#x43C;</subfield>
    <subfield code="d">1920</subfield>
  </datafield>
  <datafield tag="215" ind1=" " ind2=" ">
    <subfield code="a">16 &#x441;.</subfield>
    <subfield code="d">21</subfield>
  </datafield>
  <datafield tag="686" ind1="1" ind2=" ">
    <subfield code="a">&#x41F;100</subfield>
  </datafield>
  <datafield tag="700" ind1=" " ind2="1">
    <subfield code="a">&#x41D;&#x438;&#x43A;&#x43E;&#x43B;&#x430;&#x435;&#x432;</subfield>
    <subfield code="b">&#x410;. &#x410;.</subfield>
  </datafield>
  <datafield tag="852" ind1=" " ind2=" ">
    <subfield code="a">NLR</subfield>
    <subfield code="b">&#x41E;&#x41D;&#x41B;</subfield>
    <subfield code="j">&#x427;&#x443;&#x432;./3-2068</subfield>
  </datafield>
  <datafield tag="942" ind1=" " ind2=" ">
    <subfield code="c">BOOK</subfield>
  </datafield>
  <datafield tag="980" ind1=" " ind2=" ">
    <subfield code="a">NB</subfield>
  </datafield>
  <datafield tag="995" ind1=" " ind2=" ">
    <subfield code="5">2019-09-25</subfield>
    <subfield code="b">NLR01</subfield>
    <subfield code="c">NLR01</subfield>
    <subfield code="e">ONL</subfield>
    <subfield code="f">1-1452741</subfield>
    <subfield code="k">&#x41E;&#x41D;&#x41B; &#x427;&#x443;&#x432;./3-2068</subfield>
    <subfield code="o">0</subfield>
    <subfield code="r">BOOK</subfield>
    <subfield code="s">_32068</subfield>
  </datafield>
</record>
